[Event "HUN-chT9899"]
[Site "HUN"]
[Date "1998.??.??"]
[Round "?"]
[White "Tamas, Norbert"]
[Black "Turzo, Attila"]
[Result "1-0"]
[WhiteElo "2250"]
[BlackElo "2345"]

1.e4 c5 2.c3 Nf6 3.e5 Nd5 4.d4 cxd4 5.Nf3 Nc6 6.Bc4 Nb6 7.Bb3 d5 8.exd6 Qxd6
9.O-O Be6 10.Bxe6 Qxe6 11.Nxd4 Nxd4 12.Qxd4 Rd8 13.Qh4 Qe2 14.Nd2 h5 15.h3 g5
16.Qg3 g4 17.Nb3 gxh3 18.Qxh3 Bg7 19.Be3 Qg4 20.Qxg4 hxg4 21.Rad1 O-O 22.Nc5 Nc4
23.Nxb7 Rxd1 24.Rxd1 Nxb2 25.Rd7 e6 26.Bd4 Bxd4 27.Rxd4 f5 28.Rd7 Rf7 29.Rd8+ Kg7
30.Nd6 Re7 31.c4 Na4 32.Kf1 Kf6 33.Ke2 Ke5 34.Kd3 Nc5+ 35.Kc3 f4 36.f3 gxf3
37.gxf3 Rg7 38.Nb5 a6 39.Nd4 Rc7 40.Nb3 Nxb3 41.axb3 Rc6 42.b4 Rc7 43.Ra8 Rc6
44.c5 Kd5 45.Rd8+ Ke5 46.Kc4 Rc7 47.Ra8 Rc6 48.b5 axb5+ 49.Kxb5 Rc7 50.Kb6 Rg7
51.c6 Rg1 52.c7 Rb1+ 53.Kc6 Rc1+ 54.Kd7 Kd4 55.c8=Q Rxc8 56.Rxc8 e5 57.Ke6 e4
58.Kf5  1-0

[Event "HUN-chT29899"]
[Site "HUN"]
[Date "1998.??.??"]
[Round "?"]
[White "Szittar, Antal"]
[Black "Varga, Csaba"]
[Result "1/2-1/2"]
[WhiteElo "2150"]
[BlackElo "2145"]

1.e4 c5 2.c3 Nf6 3.e5 Nd5 4.Bc4 Nb6 5.Bb3 d6 6.exd6 Qxd6 7.d4 e6 8.Nf3 Nc6
9.O-O Be7 10.Na3 O-O 11.Be3 cxd4 12.Nb5 Qd8 13.Nfxd4 Nxd4 14.Nxd4 Nd5 15.Bxd5 Qxd5
16.Qe2 e5 17.Nb3 Be6 18.Rfd1 Qc6 19.f3 Bc4 20.Qc2 Qc7 21.Rd2 Rad8 22.Rad1 b6
23.Nc1 g6 24.b3 Be6 25.Rxd8 Rxd8 26.Rxd8+ Qxd8 27.Qd3 Qc7 28.Ne2 f5 29.c4 Qc6
30.Nc3 a6 31.a4 Kf7 32.Kf1 Bc5  1/2-1/2

[Event "HUN-chT29899"]
[Site "HUN"]
[Date "1998.??.??"]
[Round "?"]
[White "Bardossi, Jeno"]
[Black "Hegedus, Gyula"]
[Result "1/2-1/2"]
[WhiteElo "2205"]
[BlackElo "2095"]

1.e4 c5 2.c3 Nf6 3.e5 Nd5 4.d4 cxd4 5.Nf3 b6 6.cxd4 e6 7.Nc3 Nxc3 8.bxc3 Qc7
9.Bd2 d6 10.Bb5+ Nd7 11.O-O Be7 12.Re1 O-O 13.Bd3 dxe5 14.Nxe5 Nxe5 15.Rxe5 Bd6
16.Rh5 g6 17.Rh4 Bb7 18.f4 Qe7 19.Rh3 Qf6 20.Qe2 Rac8 21.Rf1 Bd5 22.Be1 Rc7
23.Kh1 Rfc8 24.Ba6 Bc4 25.Bxc4 Rxc4 26.Rhf3 b5 27.Qe4 a5 28.Rd3 b4 29.Qe3 Bb8
30.cxb4 axb4 31.Rb3 Qxd4 32.Qxd4 Rxd4 33.Rxb4 Rxb4 34.Bxb4 Rc4 35.Bd2 Rc2
36.Rb1 Rxd2 37.Rxb8+ Kg7 38.h4 Rxa2 39.Kh2 h5 40.Kh3 Kf6 41.Rb5 Rd2 42.Rb7 Rd5
43.Ra7 e5 44.fxe5+ Rxe5 45.g3 Re7 46.Ra6+ Kf5 47.Ra5+ Re5 48.Ra7 f6 49.Ra6 g5
50.hxg5 Kxg5 51.Ra4 f5 52.Rb4 Re4 53.Rb8 Re3 54.Rb4  1/2-1/2

[Event "HUN-chT29899"]
[Site "HUN"]
[Date "1998.??.??"]
[Round "?"]
[White "Bencze, Laszlo"]
[Black "Gyorkos, Lajos"]
[Result "0-1"]
[WhiteElo "2330"]
[BlackElo "2435"]

1.e4 c5 2.c3 Nf6 3.d3 Nc6 4.f4 d5 5.e5 Nd7 6.Nf3 e6 7.Be2 f6 8.exf6 Nxf6
9.Ng5 Bd6 10.Bh5+ g6 11.Bf3 O-O 12.O-O Qc7 13.Qe1 e5 14.Na3 a6 15.c4 exf4
16.cxd5 Nd4 17.Be4 b5 18.Bd2 h6 19.Ne6 Bxe6 20.dxe6 Rae8 21.Bxg6 Rxe6 22.Qh4 Qg7
23.Bh5 Nf5 24.Qh3 Nxh5 25.Qxh5 Qxb2 26.Qg4+ Kh7  0-1

[Event "HUN-chT 9798"]
[Site "Hungary"]
[Date "1998.??.??"]
[Round "?"]
[White "Palkovi, Jozsef"]
[Black "Karolyi, Tibor Jr"]
[Result "0-1"]
[WhiteElo "2420"]
[BlackElo "2390"]

1.e4 c5 2.c3 Nf6 3.e5 Nd5 4.Nf3 Nc6 5.d4 cxd4 6.Bc4 Nb6 7.Bb3 d5 8.exd6 Qxd6
9.O-O Be6 10.Bxe6 Qxe6 11.Nxd4 Nxd4 12.cxd4 Rd8 13.Nc3 g6 14.d5 Qf6 15.Qb3 Qf5
16.Be3 Bg7 17.Rad1 O-O 18.Bd4 Bxd4 19.Rxd4 Rd7 20.Rfd1 Rfd8 21.h3 Qe5 22.Re4 Qf5
23.Red4 Qe5 24.f4 Qc7 25.Ne4 Nc8 26.Ng5 Qb6 27.Qc4 Nd6 28.Qb3 Nb5 29.d6 e6
30.Nxe6 fxe6 31.Qxe6+ Rf7 32.Qe5 Rxd6  0-1

[Event "HUN-chT 9798"]
[Site "Hungary"]
[Date "1998.??.??"]
[Round "?"]
[White "Jamrich, Gyorgy"]
[Black "Tegzes, Laszlo"]
[Result "1/2-1/2"]
[WhiteElo "2235"]
[BlackElo "2220"]

1.e4 c5 2.c3 Nf6 3.e5 Nd5 4.d4 cxd4 5.Nf3 Nc6 6.Bc4 e6 7.cxd4 d6 8.O-O Be7
9.exd6 Qxd6 10.Nc3 Nxc3 11.bxc3 O-O 12.Qe2 b6 13.a4 Bb7 14.Ba6 Bxa6 15.Qxa6 Qd5
16.c4 Qe4 17.Re1 Qd3 18.Re3 Qd1+ 19.Re1 Qd3 20.Re3 Qd1+ 21.Re1  1/2-1/2

[Event "HUN-chT 9798"]
[Site "Hungary"]
[Date "1998.??.??"]
[Round "?"]
[White "Gosztola, Istvan"]
[Black "Horvath, Zoltan"]
[Result "0-1"]
[WhiteElo "2280"]
[BlackElo "2355"]

1.e4 c5 2.c3 Nf6 3.e5 Nd5 4.d4 cxd4 5.Nf3 e6 6.cxd4 d6 7.Be2 Nd7 8.O-O dxe5
9.dxe5 Be7 10.Re1 O-O 11.b3 b6 12.Bb2 Bb7 13.Nbd2 Bb4 14.Rc1 Rc8 15.Rxc8 Qxc8
16.Qa1 Nf4 17.Qd1 Bxf3 18.gxf3 Qd8 19.Bf1 Nc5 20.Bc1 Ncd3  0-1

[Event "HUN-chT 9798"]
[Site "Hungary"]
[Date "1998.??.??"]
[Round "?"]
[White "Baranyai, Szabolcs Jr"]
[Black "Kiss, Gedeon"]
[Result "0-1"]
[WhiteElo "2220"]
[BlackElo "2190"]

1.e4 c5 2.c3 Nf6 3.e5 Nd5 4.d4 cxd4 5.cxd4 Nc6 6.Nf3 d6 7.Bc4 Nb6 8.Bb5 dxe5
9.Nxe5 Bd7 10.Qf3 Nxe5  0-1

[Event "Jarvenpaa We JarvSK"]
[Site "Jarvanpaa"]
[Date "1998.??.??"]
[Round "4"]
[White "Kiik, Kalle"]
[Black "Sammalvuo, Tapani"]
[Result "1-0"]
[WhiteElo "2445"]
[BlackElo "2395"]

1.e4 c5 2.c3 Nf6 3.e5 Nd5 4.d4 cxd4 5.Qxd4 e6 6.Nf3 Nc6 7.Qe4 f5 8.exf6 Nxf6
9.Qh4 d5 10.Bd3 Bd6 11.Bg6+ Ke7 12.Bc2 e5 13.Bg5 e4 14.Nd4 Nxd4 15.cxd4 Qb6
16.Bb3 Qxd4 17.Nc3 Bb4 18.O-O Bxc3 19.Rad1 Qb6 20.bxc3  1-0

[Event "Klatovy op-A"]
[Site "Klatovy"]
[Date "1998.??.??"]
[Round "?"]
[White "Stross, Frantisek"]
[Black "Folk, Petr"]
[Result "1-0"]
[WhiteElo "2040"]
[BlackElo "2270"]

1.e4 c5 2.c3 Nf6 3.e5 Nd5 4.d4 cxd4 5.Nf3 Nc6 6.cxd4 d6 7.Bc4 Nb6 8.Bb3 dxe5
9.d5 Na5 10.Nc3 Nxb3 11.Qxb3 e6 12.Nxe5 Bd6 13.Qb5+ Kf8 14.dxe6 Bxe6 15.Bf4 a6
16.Qe2 Qf6 17.Ng6+ hxg6 18.Bxd6+ Kg8 19.O-O-O Rc8 20.Kb1 Nc4 21.Bg3 Qf5+
22.Ka1 Qa5 23.Rc1 Rh5 24.b3 Na3 25.Kb2 Rhc5 26.Qe3 Qb4 27.Qf4 Nc4+ 28.Ka1 Qa3
29.Na4 b5 30.Rxc4 Rxc4 31.bxc4 Qxa4 32.Qd2 Qxc4 33.Rd1 a5 34.Qxa5 Kh7 35.Bd6 Qc6
36.Qd2 Ra8 37.a3 Qxg2 38.Qf4 Ra4 39.Bb4 Qc6 40.Qh4+  1-0

[Event "Klatovy op-B"]
[Site "Klatovy"]
[Date "1998.??.??"]
[Round "?"]
[White "Hlavnicka, Jiri"]
[Black "Kafka, Ladislav"]
[Result "0-1"]
[WhiteElo "1805"]
[BlackElo "1775"]

1.e4 c5 2.c3 Nf6 3.e5 Nd5 4.Bc4 Nb6 5.Bb3 d5 6.exd6 Qxd6 7.Nf3 c4 8.Bc2 Qe6+
9.Qe2 Qxe2+ 10.Kxe2 Bg4 11.d4 Nc6 12.Bf4 g6 13.Nd2 Bg7 14.Rhe1 O-O 15.Kf1 Nd5
16.Bg3 b5 17.h3 Bf5 18.Ne4 b4 19.Ba4 Rac8 20.Nfd2 bxc3 21.Nxc3 e6 22.Nxd5 exd5
23.Nf3 Bd3+ 24.Kg1 Nxd4 25.Nxd4 Bxd4 26.Bd6 Bxb2 27.Rad1 Rfd8 28.Be7 d4 29.Bxd8 Rxd8
30.Re7 Bf5 31.g4 Be6 32.Rxa7 d3 33.Bb5 d2 34.Rc7 c3 35.Ba4 Bxa2 36.Re7 Bd5
37.Bc2 Bf3 38.Rb1 Bc1 39.Rc7 d1=Q+ 40.Bxd1 Rxd1+  0-1

[Event "Klatovy op-A"]
[Site "Klatovy"]
[Date "1998.??.??"]
[Round "?"]
[White "Stross, Frantisek"]
[Black "Jurek, Josef"]
[Result "0-1"]
[WhiteElo "2040"]
[BlackElo "2380"]

1.e4 c5 2.c3 Nf6 3.e5 Nd5 4.d4 cxd4 5.Nf3 d6 6.cxd4 Nc6 7.Bc4 e6 8.O-O Be7
9.Qe2 O-O 10.Nc3 Nxc3 11.bxc3 dxe5 12.dxe5 Qc7 13.Qe4 b6 14.Bd3 g6 15.Bh6 Rd8
16.Rad1 Bb7 17.Qf4 Rd7 18.Bb1 Rad8 19.Rxd7 Rxd7 20.h4 Nd8 21.h5 Bxf3 22.gxf3 Nc6
23.hxg6 hxg6 24.Re1 Nxe5 25.Qg3 Qxc3 26.Rc1 Nxf3+ 27.Kh1 Qf6 28.Be4 Nd4 29.Rc8+ Rd8
30.Rxd8+ Bxd8 31.Be3 Ne2 32.Qg4 Qa1+ 33.Kh2 Bc7+  0-1

[Event "Klatovy op-A"]
[Site "Klatovy"]
[Date "1998.??.??"]
[Round "?"]
[White "Muk, I."]
[Black "Eretova, J."]
[Result "1-0"]
[WhiteElo "1885"]
[BlackElo "2135"]

1.e4 c5 2.c3 Nf6 3.e5 Nd5 4.d4 cxd4 5.cxd4 Nc6 6.Bc4 Nb6 7.Bb3 d6 8.e6 fxe6
9.Nf3 d5 10.Ng5 Qd6 11.O-O g6 12.Qf3 Nxd4 13.Qf7+ Kd8 14.Re1 h6 15.Nh7 Nd7
16.f4 Nxb3 17.axb3 e5 18.Nc3 exf4 19.Bxf4 Rxh7 20.Qxh7 Qxf4 21.Rad1 Nf6 22.Qf7 Nh5
23.Qxd5+ Ke8 24.Qd8+ Kf7 25.Rf1 Bf5 26.Qd5+  1-0

[Event "Klatovy op-A"]
[Site "Klatovy"]
[Date "1998.??.??"]
[Round "?"]
[White "Novak, Pavel"]
[Black "Folk, Petr"]
[Result "1/2-1/2"]
[WhiteElo "2115"]
[BlackElo "2270"]

1.e4 c5 2.c3 Nf6 3.e5 Nd5 4.d4 Nc6 5.Nf3 cxd4 6.Bc4 Nb6 7.Bb3 g6 8.cxd4 Bg7
9.d5 Nxe5 10.Nxe5 Bxe5 11.Bh6 d6 12.Nc3 Qd7 13.O-O Qg4  1/2-1/2

[Event "Klatovy op-A"]
[Site "Klatovy"]
[Date "1998.??.??"]
[Round "?"]
[White "Dvorak, P."]
[Black "Tyle, V."]
[Result "1/2-1/2"]
[WhiteElo "1940"]
[BlackElo "1890"]

1.e4 c5 2.c3 Nf6 3.e5 Nd5 4.d4 cxd4 5.Bc4 Qc7 6.Qe2 Nb6 7.Bb3 Nc6 8.Nf3 e6
9.cxd4 d5 10.O-O Be7 11.Nc3 Bd7 12.a3 O-O 13.Bc2 f5 14.exf6 gxf6 15.Bh6 Rf7
16.Rad1 a6 17.Rfe1 Kh8 18.Qd2 Nc4 19.Qc1 b5 20.Ne2 Rg8 21.Bf4 Qb6 22.Bg3 b4
23.a4 b3 24.Bd3 N6a5 25.Nf4 Bb4 26.Re2 Rc8 27.Qb1 Qc6 28.Nh4 e5 29.dxe5 fxe5
30.Nxd5 Qxd5 31.Bg6 Qe6 32.Bxf7 Qxf7 33.Nf3 Bf5 34.Qc1 Nd2 35.Qxc8+ Bxc8
36.Bxe5+ Kg8 37.Nxd2 Qd5 38.Rc1 Bf5 39.Bc3 Bg4 40.Re4 Bxc3 41.Rxg4+ Kf7 42.Rf4+ Kg6
43.Rxc3 Qxd2 44.Rg3+ Kh5 45.Rf5+ Kh6 46.Rf6+  1/2-1/2

[Event "Russia-chB (Women)"]
[Site "Kolontaevo"]
[Date "1998.??.??"]
[Round "?"]
[White "Salakhova, Gulnar"]
[Black "Malina, Diana"]
[Result "1-0"]
[WhiteElo "2240"]
[BlackElo "2025"]

1.e4 c5 2.c3 Nf6 3.e5 Nd5 4.d4 cxd4 5.Qxd4 e6 6.Nf3 Nc6 7.Qe4 f5 8.Qe2 Be7
9.g3 O-O 10.Bg2 d6 11.O-O Qc7 12.c4 Nb6 13.exd6 Bxd6 14.Nc3 a6 15.Be3 Ne7
16.Rac1 f4 17.Bd4 Bb4 18.c5 Nbd5 19.Nxd5 Nxd5 20.a3 Ba5 21.b4 fxg3 22.hxg3 Nxb4
23.axb4 Bxb4 24.Be5 Qa5 25.Bd6 Rf6 26.Ne5  1-0

[Event "Russia-chB (Women)"]
[Site "Kolontaevo"]
[Date "1998.??.??"]
[Round "?"]
[White "Ubiennykh, Ekaterina"]
[Black "Malina, Diana"]
[Result "1/2-1/2"]
[WhiteElo "2285"]
[BlackElo "2025"]

1.e4 c5 2.c3 Nf6 3.e5 Nd5 4.d4 cxd4 5.Qxd4 e6 6.Nf3 Nc6 7.Qe4 f5 8.exf6 Nxf6
9.Qc2 Be7 10.Bd3 b6 11.O-O Bb7 12.Re1 Qc7 13.Na3 a6 14.b4 b5 15.Nb1 Rc8 16.a3 Nd5
17.Bxh7 Bf6 18.Bg5 Nce7 19.Bg6+ Kd8 20.h4 Nxc3 21.Bxf6 gxf6 22.Nxc3 Bxf3
23.Re3 Bb7 24.h5 f5 25.Qb2 Nxg6 26.Nxb5 axb5 27.Qf6+ Ke8 28.Qxg6+ Ke7 29.Qg7+ Kd6
30.Qe5+ Ke7 31.Qg7+ Kd6 32.Rd1+ Bd5 33.Qe5+ Kc6 34.Rxd5 Qxe5 35.Rdxe5 Kb6
36.Rh3 Rh6 37.f3 Rc3 38.Kh2 d6 39.Re2 f4 40.g4 fxg3+ 41.Kxg3 Rxa3 42.Kg4 Ra8
43.f4 Rg8+ 44.Kh4 Rg1 45.Rhe3 Rh1+ 46.Rh3 Rg1 47.Rc2 Rf6 48.Rf2 Rf5 49.Rd3  1/2-1/2

[Event "Russia-chB (Women)"]
[Site "Kolontaevo"]
[Date "1998.??.??"]
[Round "?"]
[White "Ruchieva, Natalia"]
[Black "Chernikova, Svetlana"]
[Result "1-0"]
[WhiteElo "2295"]
[BlackElo "2120"]

1.e4 c5 2.c3 Nf6 3.e5 Nd5 4.d4 cxd4 5.cxd4 d6 6.Nf3 Nc6 7.Nc3 dxe5 8.dxe5 Nxc3
9.Qxd8+ Nxd8 10.bxc3 Bd7 11.Nd4 Rc8 12.Be3 a6 13.Kd2 e6 14.f4 Nc6 15.Nb3 Ne7
16.g3 Bc6 17.Rg1 Bd5 18.Bd3 Nf5 19.Bf2 Ba3 20.Rab1 h5 21.Na5 b5 22.c4 bxc4
23.Nxc4 Bxc4 24.Bxc4 a5 25.Bb5+ Ke7 26.Bb6 Bc5 27.Bxc5+ Rxc5 28.Bd3 Rd8 29.Rb7+ Kf8
30.Ke2 Ne7 31.Rgb1 Nd5 32.Rb8 Rcc8 33.Rxc8 Rxc8 34.Rb2 Nb4 35.a3 Nd5 36.Kd2 f6
37.exf6 gxf6 38.Rb5 a4 39.f5 Ke7 40.Ra5 Rb8 41.fxe6 Nb6 42.Rxh5 Kxe6 43.Rb5 Kd6
44.h4 Kc7 45.g4 Rd8 46.Rb4 Kc6 47.Rf4 Nd7 48.Kc3 Rb8 49.Rxa4 Nc5 50.Rb4 Ra8
51.Bb5+ Kd6 52.a4 Rh8 53.Rd4+ Ke5 54.Bc6 Ne6 55.Rd5+ Kf4 56.Bd7 Nf8 57.Bf5 Rxh4
58.Rd8 Rh8 59.a5 Kg5 60.a6 Rh3+ 61.Kb4 Ng6 62.a7  1-0

[Event "RUS-ch U18"]
[Site "Kolontaevo"]
[Date "1998.??.??"]
[Round "?"]
[White "Deviatkin, Andrei"]
[Black "Shaposhnikov, Evgeny"]
[Result "0-1"]
[WhiteElo "2260"]
[BlackElo "2415"]

1.e4 c5 2.c3 Nf6 3.e5 Nd5 4.d4 cxd4 5.Qxd4 e6 6.Nf3 Nc6 7.Qe4 f5 8.Qe2 Qc7
9.g3 d6 10.exd6 Bxd6 11.Bg2 O-O 12.O-O Nf6 13.Nbd2 e5 14.Nc4 e4 15.Nxd6 Qxd6
16.Nd2 Ne5 17.f3 Qb6+ 18.Kh1 Bd7 19.fxe4 fxe4 20.Nxe4 Nxe4 21.Bxe4 Rxf1+
22.Qxf1 Rf8 23.Bd5+ Be6 24.Bxe6+ Qxe6 25.Qg2 Nd3 26.Bf4 g5 27.Rg1 Rf7 28.h4 Ne1
29.Qf2 Qe4+ 30.Kh2 Nf3+ 31.Kh3 Nxg1+  0-1

[Event "Russia-chB (Women)"]
[Site "Kolontaevo"]
[Date "1998.??.??"]
[Round "?"]
[White "Kosintseva, Tatiana"]
[Black "Pavlovskaya, Evgenia"]
[Result "0-1"]
[WhiteElo "2115"]
[BlackElo "2180"]

1.e4 c5 2.c3 Nf6 3.e5 Nd5 4.d4 cxd4 5.Nf3 e6 6.cxd4 Nc6 7.Bc4 Bb4+ 8.Bd2 Nde7
9.Bxb4 Nxb4 10.O-O O-O 11.Nc3 b6 12.Qa4 Nbc6 13.Ne4 Nf5 14.d5 Na5 15.dxe6 dxe6
16.Rfd1 Qe7 17.Be2 Bb7 18.Nd6 Bc6 19.Nxf5 exf5 20.Qf4 g6 21.Rd6 Rad8 22.Nd4 Be4
23.Bf3 Bxf3 24.Nxf3 Nb7 25.Rxd8 Rxd8 26.Re1 Nc5 27.Qg5 Qxg5 28.Nxg5 Rd2 29.h4 Rxb2
30.a3 Nd3 31.Rd1 Nxe5 32.f4 Ng4 33.g3 h6 34.Nf3 Rb3 35.Nd4 Rxg3+  0-1

[Event "RUS-ch U18"]
[Site "Kolontaevo"]
[Date "1998.??.??"]
[Round "?"]
[White "Silivanov, Sergej"]
[Black "Shaposhnikov, Evgeny"]
[Result "1/2-1/2"]
[WhiteElo "2270"]
[BlackElo "2415"]

1.e4 c5 2.c3 Nf6 3.e5 Nd5 4.Nf3 d6 5.Bc4 Nb6 6.Bb3 c4 7.Bc2 g6 8.a4 Bg7 9.Qe2 O-O
10.O-O a5 11.Na3 Be6 12.Ng5 Bd5 13.e6 f5 14.Nh3 Be5 15.d4 cxd3 16.Bxd3 Nxa4
17.Bh6 Re8 18.Nc4 Bxc4 19.Bxc4 Nc5 20.Rad1 Nc6 21.Ng5 Bf6 22.Nf7 Qc7 23.Bf4 Qb6
24.Bg5 Bg7 25.Nh6+ Bxh6 26.Bxh6 Ne4 27.Be3 Qc7 28.Ba2 a4 29.f3 Nf6 30.Qf2 Ne5
31.Bd4 Rf8 32.Rfe1 Nc4 33.b3 axb3 34.Bxb3 b5 35.Ra1 Qc6 36.Rxa8 Qxa8 37.Qe2 d5
38.h3 Qa3 39.Bxc4 bxc4 40.Qe3 Qd6 41.Bc5 Qc7 42.Bd4 Qd6 43.Bc5  1/2-1/2

[Event "Korinthos op"]
[Site "Korinthos"]
[Date "1998.??.??"]
[Round "9"]
[White "Deegens, Vincent"]
[Black "Bagaturov, Giorgi"]
[Result "1/2-1/2"]
[WhiteElo "2290"]
[BlackElo "2535"]

1.e4 c5 2.c3 Nf6 3.e5 Nd5 4.d4 cxd4 5.Nf3 Nc6 6.Bc4 Nb6 7.Bb3 d6 8.exd6 Qxd6
9.O-O Be6 10.Na3 Bxb3 11.Qxb3 Qd5 12.Nb5 Rc8 13.Nfxd4 Nxd4 14.Nxd4 e6 15.Rd1 Bc5
16.Qb5+ Ke7 17.Qe2 Rhd8 18.Be3 Bxd4 19.Bxd4 Qg5 20.Bxb6 axb6  1/2-1/2

[Event "RUS-ch sf"]
[Site "Krasnodar"]
[Date "1998.??.??"]
[Round "?"]
[White "Pravdiuk, VP."]
[Black "Stepovaia Dianchenko, Tatiana"]
[Result "1-0"]
[WhiteElo "2385"]
[BlackElo "2355"]

1.e4 c5 2.c3 Nf6 3.e5 Nd5 4.d4 cxd4 5.Qxd4 e6 6.Bc4 Nc6 7.Qe4 Nde7 8.Nf3 Ng6
9.O-O Qc7 10.Re1 b6 11.Bd3 Bb7 12.Qe2 d6 13.exd6 Bxd6 14.Ba6 Bxa6 15.Qxa6 O-O
16.Nbd2 Nce5 17.Nxe5 Bxe5 18.Nf3 Rfd8 19.Nxe5 Nxe5 20.Qe2 Nd3 21.Rd1 Nxc1
22.Raxc1 g6 23.h4 h5 24.g3 Qc5 25.Rxd8+ Rxd8 26.Rd1 Rxd1+ 27.Qxd1 Qc4 28.a3 Kg7
29.Qc2 e5 30.b3 Qd5 31.c4 Qd4 32.b4 Kf8 33.c5 bxc5 34.bxc5 Qd7 35.c6 Qc7
36.Qc5+ Ke8 37.a4 e4 38.a5 Qe7 39.Qb5 Qc7 40.Qb7 Kd8 41.Kf1 e3 42.fxe3 Qc8
43.Ke1 a6 44.Qb6+ Ke7 45.Qc5+ Ke6 46.c7 Kd7 47.Qd5+ Kxc7 48.Qxf7+ Kb8 49.Qf4+ Ka7
50.Qd4+ Ka8 51.Qd5+ Ka7 52.Kd2  1-0

[Event "RUS-ch sf"]
[Site "Krasnodar"]
[Date "1998.??.??"]
[Round "?"]
[White "Pravdiuk, VP."]
[Black "Frolov, Andrei"]
[Result "1-0"]
[WhiteElo "2385"]
[BlackElo "2265"]

1.e4 c5 2.c3 Nf6 3.e5 Nd5 4.d4 cxd4 5.Qxd4 e6 6.Bc4 Nc6 7.Qe4 f5 8.Qe2 Nb6
9.Bb3 Be7 10.Nf3 O-O 11.h4 Qc7 12.Bf4 Na5 13.Nbd2 Nxb3 14.axb3 Nd5 15.Be3 b6
16.Bg5 h6 17.Bxe7 Nxe7 18.Nc4 a5 19.Nd6 Ba6 20.Qe3 Nd5 21.Qd2 Qc5 22.Qd4 Qc6
23.Kd2 Ne7 24.Qe3 Ra7 25.Nd4 Qd5 26.f4 Bb7 27.Rag1 Qc5 28.b4 Qc7 29.N4b5  1-0

[Event "RUS-Cup"]
[Site "Krasnoiarsk"]
[Date "1998.??.??"]
[Round "7"]
[White "Shmakov, DN."]
[Black "Namgilov, Sogto"]
[Result "0-1"]
[WhiteElo "2380"]
[BlackElo "2440"]

1.e4 c5 2.c3 Nf6 3.e5 Nd5 4.d4 cxd4 5.Nf3 e6 6.cxd4 d6 7.exd6 Bxd6 8.Nc3 Nc6
9.Bd3 O-O 10.O-O Nce7 11.Re1 Bd7 12.Bc2 Bc6 13.Qd3 Ng6 14.a3 Nxc3 15.bxc3 Rc8
16.Ng5 Qf6 17.h4 Rfd8 18.g3 h6 19.Nxe6 Re8 20.d5 Bxd5 21.Qxd5 Bxg3 22.Be3 Rxc3
23.fxg3 Rxe3 24.Rxe3 Qxa1+ 25.Kh2 Qf6 26.Qf5 Qxf5 27.Bxf5 Nf8 28.Rb3 fxe6
29.Be4 b6 30.a4 Rd8 31.a5 Rd4 32.Bb1 bxa5 33.Rc3 a4 34.Rc7 Rd7 35.Rc4 Rd1
36.Bc2 Rd2+ 37.Kh3 a3 38.Bb3 Rb2  0-1

[Event "RUS-Cup"]
[Site "Krasnoiarsk"]
[Date "1998.??.??"]
[Round "7"]
[White "Shramov, IV."]
[Black "Driamin, Dmitrij"]
[Result "1/2-1/2"]
[WhiteElo "2390"]
[BlackElo "2230"]

1.e4 c5 2.c3 Nf6 3.e5 Nd5 4.d4 cxd4 5.Nf3 e6 6.cxd4 b6 7.Nc3 Nxc3 8.bxc3 Qc7
9.Qc2 Bb7 10.Bd3 d6 11.O-O Nd7 12.Bf4 Be7 13.exd6  1/2-1/2

[Event "Le Touquet op"]
[Site "Le Touquet"]
[Date "1998.??.??"]
[Round "2"]
[White "Therkildsen, Thomas"]
[Black "Sellos, Didier"]
[Result "0-1"]
[WhiteElo "2025"]
[BlackElo "2405"]

1.e4 c5 2.c3 Nf6 3.e5 Nd5 4.d4 cxd4 5.Nf3 e6 6.cxd4 b6 7.Nc3 Nxc3 8.bxc3 Qc7
9.Bd2 Be7 10.Bd3 Bb7 11.O-O Nc6 12.Qe2 h6 13.a4 Rc8 14.Rab1 Na5 15.c4 Nxc4
16.Rfc1 Nxd2 17.Rxc7 Nxf3+ 18.gxf3 Rxc7 19.Be4 Bc8 20.f4 d5 21.Bd3 O-O 22.h4 f5
23.exf6 Bxf6 24.f5 Bxd4 25.Qg4 e5 26.Qg6 Rcf7 27.Qd6 Bxf5 28.Bxf5 Rxf5 29.Qxd5+ Kh7
30.Qe4 Kh8 31.Rf1 Rf4 32.Qg6 Rxh4 33.Kg2 Rhf4  0-1

[Event "BEL-chJ"]
[Site "Leuven"]
[Date "1998.??.??"]
[Round "7"]
[White "Croonenborghs, Tom"]
[Black "Hautot, Stephane"]
[Result "1/2-1/2"]
[WhiteElo "2145"]
[BlackElo "2055"]

1.e4 c5 2.c3 Nf6 3.e5 Nd5 4.d4 cxd4 5.Nf3 Nc6 6.Bc4 Nb6 7.Bb3 d6 8.exd6 Qxd6
9.O-O Be6 10.Bxe6 Qxe6 11.Nxd4 Nxd4 12.Qxd4 Rd8 13.Qh4 Qe2 14.Nd2 h5 15.h3 Rxd2
16.Bxd2 Qxd2 17.Rfd1 Qh6 18.Qg3 Qc6 19.Rd3 Rh6 20.Qb8+ Nc8 21.Re1 Rg6 22.f3 Re6
23.Rxe6 Qxe6 24.Qxb7 Qb6+ 25.Qxb6 axb6 26.Kf1 Nd6 27.Ke2 e6 28.Rd4 Kd7 29.Ra4 Kc6
30.Ra7 g5 31.a4 Nb7 32.Ra8 Bd6 33.b4 h4 34.Kd3 Kc7 35.Rg8 Bf4 36.Rf8 Nd6
37.c4 Kc6 38.Ra8 Kb7 39.Rf8 Kc6 40.Ra8 Kb7 41.Rf8 Kc6  1/2-1/2

[Event "POR-ch"]
[Site "Lisbon"]
[Date "1998.??.??"]
[Round "2"]
[White "Camejo, Rui"]
[Black "Costa, Fernando JM"]
[Result "1-0"]
[WhiteElo "2295"]
[BlackElo "2115"]

1.e4 c5 2.c3 Nf6 3.d3 Nc6 4.Nd2 e6 5.g3 d5 6.Ngf3 Be7 7.Bg2 O-O 8.O-O b5
9.e5 Nd7 10.Re1 a5 11.h4 Re8 12.Nf1 b4 13.c4 Nf8 14.Ng5 h6 15.Nh3 Nd4 16.Ne3 Bb7
17.cxd5 exd5 18.Nf4 Bxh4 19.gxh4 Rxe5 20.Qg4 Ra6 21.Bd2 h5 22.Qg3 Ng6 23.Nc4 Rf5
24.Nxg6 Rxg6 25.Bg5 Rfxg5 26.hxg5 Rxg5 27.Re8+ Qxe8 28.Qxg5 dxc4 29.Bxb7 cxd3
30.Qxc5 Nc2 31.Rd1 Qe2 32.Qc8+ Kh7 33.Qf5+ g6 34.Qxd3 Qg4+ 35.Bg2 b3 36.axb3 Nb4
37.Qd4 Qg5 38.Qd8 Qg4 39.Rc1 Qe6 40.Rc8 Kh6 41.Qf8+ Kg5 42.Rc5+ f5 43.Qd8+ Kh6
44.Qd2+ Kg7 45.Rc7+ Kf6 46.Qd8+  1-0

[Event "Ljubljana op"]
[Site "Ljubljana"]
[Date "1998.??.??"]
[Round "3"]
[White "Podkriznik, Gregor"]
[Black "Jelen, Igor"]
[Result "0-1"]
[WhiteElo "2330"]
[BlackElo "2430"]

1.e4 c5 2.c3 Nf6 3.d3 Nc6 4.f4 g6 5.Nf3 Bg7 6.g3 O-O 7.Bg2 d6 8.O-O c4 9.Na3 cxd3
10.Qxd3 Rb8 11.Nc2 b5 12.Nfd4 Qb6 13.Be3 Nxd4 14.Qxd4 Nd7 15.Qd3 Qc7 16.Nb4 Nb6
17.Bd4 a5 18.Bxg7 Kxg7 19.Nd5 Qc5+ 20.Kh1 Nxd5 21.exd5 Rb7 22.Rac1 Qc4 23.Qd2 Qxa2
24.Ra1 Qc4 25.Rxa5 b4 26.Ra4 bxc3 27.Rxc4 cxd2 28.Rc2 Bf5 29.Rxd2 Rc8 30.Re1 Rc2
31.Rxc2 Bxc2 32.Kg1 Kf8 33.Re2 Rxb2 34.Kf2 Ra2 35.g4 Bb3 36.Rxa2 Bxa2 37.g5 e6
38.dxe6 fxe6 39.Ke3 Bb1 40.Kd4 Bf5 41.h4 Ke7 42.Bf3 Kd7 43.Bd1 Kc7 44.Ba4 Bg4
45.Bb5 Bf3 46.Ba4 Bc6 47.Bc2 Kd7 48.Bd1 Ke7 49.Be2 Be8 50.Bd1 Kf8 51.Bg4 Bf7
52.Be2 Kg7 53.Bd1 h5 54.gxh6+ Kxh6 55.Bg4 Kg7 56.Ke4 Kf6 57.Kd4 Be8 58.Ke4 Ba4
59.h5 Bc2+ 60.Ke3 Bf5 61.Bd1 g5 62.fxg5+ Kxg5 63.Be2  0-1

[Event "Ljubljana op"]
[Site "Ljubljana"]
[Date "1998.??.??"]
[Round "4"]
[White "Sveshnikov, Evgeny"]
[Black "Kutuzovic, Branko"]
[Result "1/2-1/2"]
[WhiteElo "2595"]
[BlackElo "2425"]

1.e4 c5 2.c3 Nf6 3.e5 Nd5 4.d4 cxd4 5.Nf3 e6 6.cxd4 b6 7.Nc3 Nxc3 8.bxc3 Qc7
9.Bd2 Be7 10.Bd3 Ba6 11.Bxa6 Nxa6 12.Qe2 Qb7 13.O-O O-O 14.Bg5 f6 15.exf6 Bxf6
16.Bxf6 Rxf6 17.Ne5 Rc8 18.Ng4 Rff8 19.c4 Nb8 20.Rad1 Qc7 21.Ne3 Nc6 22.d5 Na5
23.Rd4 e5 24.Rh4 d6 25.Qh5 g6 26.Qg5 Qd8 27.Qh6 Qe7 28.Rg4 e4 29.f3 exf3
30.Rxf3 Rce8 31.Rfg3 Rf6 32.h3 Qg7 33.Qh4 Re5 34.Kh2 Qe7 35.Rf4 Rxf4 36.Qxf4 Qf7
37.Qd4 h5 38.Rf3 Qe7 39.Qf4 Kg7 40.Qd4 Kg8 41.Rg3 Kh7 42.Rf3 Kg8 43.Qf4 Kg7
44.Qd4 Kg8  1/2-1/2

[Event "Ljubljana op"]
[Site "Ljubljana"]
[Date "1998.??.??"]
[Round "4"]
[White "Lazovic, Gordan"]
[Black "Pahor, Milos"]
[Result "1/2-1/2"]
[WhiteElo "2305"]
[BlackElo "2115"]

1.e4 c5 2.c3 Nf6 3.e5 Nd5 4.d4 cxd4 5.Nf3 Nc6 6.cxd4 d6 7.Bc4 Nb6 8.Bb3 d5
9.Nh4 e6 10.g3 Be7 11.Qg4 g5 12.Ng2 Nb4 13.Qd1 Qc7 14.Nc3 Bd7 15.a3 Na6 16.Qh5 Nc4
17.O-O h6 18.Ne3 Nb6 19.Bd2 Bc6 20.Rac1 Qd7 21.Rc2 O-O-O 22.Na4 Na8 23.Ba2 N8c7
24.Nc3 f5 25.b4 Kb8 26.Rb2 Nb5 27.Nxb5 Bxb5 28.Rc1 Rdg8 29.Qd1 h5 30.Bb3 g4
31.Ng2 h4 32.Nf4 hxg3 33.fxg3 Bg5 34.a4 Qh7 35.Be3 Bd7 36.Qd2 Nc7 37.Rbc2 Rc8
38.b5 Qf7 39.Qa5 Na8 40.Rxc8+ Rxc8 41.Rxc8+ Bxc8 42.Nxd5 Bxe3+ 43.Nxe3 f4
44.Nf1 fxg3 45.hxg3 Qf3 46.Qb4 b6 47.Bc2 Bb7 48.Qd2 Nc7 49.Bd1 Qe4  1/2-1/2

[Event "SLO-ch (Women)"]
[Site "Maribor"]
[Date "1998.??.??"]
[Round "1"]
[White "Riznar, Helena"]
[Black "Mihevc, Narcisa"]
[Result "0-1"]
[WhiteElo "2100"]
[BlackElo "2205"]

1.e4 c5 2.c3 Nf6 3.e5 Nd5 4.d4 cxd4 5.Nf3 Nc6 6.cxd4 d6 7.exd6 Qxd6 8.Nc3 Bg4
9.Bc4 Qe6+ 10.Be3 Nxe3 11.Bxe6 Nxd1 12.Bxg4 Nxb2 13.O-O h5 14.Bh3 Nd3 15.Nd5 Rb8
16.Rad1 Ndb4 17.Nc7+ Kd8 18.Nb5 Nd5 19.Ng5 Ke8 20.Rfe1 Rh6 21.Bf5 a6 22.Be4 Ncb4
23.Na3 Nc3 24.Rd2 Nxe4 25.Nxe4 Nd5 26.Nc4 e6 27.Nc5 Rc8 28.Nb2 b6 29.Ncd3 Ba3
30.f4 h4 31.f5 Rf6 32.Rf2 Ke7 33.g3 hxg3 34.hxg3 Rc3 35.g4 Kd6 36.Ne5 Bxb2
37.Rxb2 b5 38.Rh2 exf5 39.gxf5 Rxf5 40.Rg2 g6 41.Rh2 Nf4  0-1